En la Casa Quiz Stats

 Plays Quiz not verified by Sporcle

Score 0/26 Timer 10:00
0 Plays Today
% Correct
kitchen
89.1%
computer
85.4%
telephone
84.7%
television
83.6%
window
82.4%
curtains
82.1%
house
81.8%
table
81.2%
bathroom
80.5%
bed
79.2%
bedroom
75.8%
stairs
73%
dining room
71.7%
% Correct
rug
66.9%
desk
66.4%
door
65.2%
wall
64.6%
living room
63.4%
closet
60.2%
elevator
59.4%
basement
56.7%
room
52.3%
roof
51.1%
hallway
50.7%
foyer
43.5%
cellar
42.4%

You're not logged in!

Compare scores with friends on all Sporcle quizzes.
OR
Log In

Show Comments

Extras

Created Oct 27, 2014ReportNominate
Tags:Clickable Quiz, casa

Top Quizzes Today


Score Distribution

Your Account Isn't Verified!

In order to create a playlist on Sporcle, you need to verify the email address you used during registration. Go to your Sporcle Settings to finish the process.

Report this User

Report this user for behavior that violates our Community Guidelines.

Details: